[Event "Athens Smaok-ch"]
[Site "Athens"]
[Date "2007.10.20"]
[Round "6.11"]
[White "Prinos, Nikolaos"]
[Black "Roussos, Konstantinos"]
[Result "0-1"]
[WhiteElo "1190"]
[BlackElo "1525"]
[PlyCount "108"]
[EventDate "2007.09.12"]
[EventType "swiss"]
[EventRounds "9"]
[EventCountry "GRE"]
[SourceTitle "EXT 2024"]
[Source "ChessBase"]
[SourceDate "2023.10.10"]
[SourceVersion "1"]
[SourceVersionDate "2023.10.10"]
[SourceQuality "1"]

1. e4 a6 2. d4 b5 3. Nf3 Bb7 4. Bd3 Nf6 5. Qe2 e6 6. Bg5 Be7 7. Nbd2 c5 8. c3 cxd4 9. cxd4 Nc6 10. 0-0 0-0 11. Nb3 Nb4 12. Bb1 d5 13. e5 Ne4 14. Bxe7 Qxe7 15. a3 Nc6 16. Bxe4 dxe4 17. Qxe4 Na5 18. Qd3 Nc4 19. Qe2 f6 20. Rfe1 fxe5 21. Nxe5 Qg5 22. Qg4 Qxg4 23. Nxg4 Bd5 24. Re2 Rf4 25. f3 h5 26. Nf2 Raf8 27. Nh3 R4f6 28. Nc5 Nb6 29. Nxa6 Rg6 30. Kh1 Rxf3 31. Ng1 Rxg2 32. Kxg2 Rxa3+ 33. Kf2 Rxa1 34. Nc5 Bc4 35. Re1 Rxe1 36. Kxe1 Kf7 37. Nf3 Kf6 38. Kf2 Bd5 39. Ne5 Na4 40. Nxa4 bxa4 41. Nd3 Kf5 42. Nc5 Bb3 43. Kf3 g5 44. h3 Bd1+ 45. Kg3 Bb3 46. Kf3 e5 47. dxe5 Kxe5 48. Nd3+ Kd4 49. Nf2 Be6 50. Kg3 Ke3 51. Kg2 Bd5+ 52. Kg1 Bf3 53. Kf1 Kd2 54. Kg1 Kc2 0-1